| 000 | 00425nam a22001457a 4500 | ||
|---|---|---|---|
| 005 | 20231129135234.0 | ||
| 008 | 231129b |||||||| |||| 00| 0 eng d | ||
| 041 | _aEnglish | ||
| 082 | _a340.06 CYB | ||
| 100 |
_aButler, C _lEnglish |
||
| 245 |
_aThe Cyber Jungle What's in it for Lawyers / _cC Butler |
||
| 300 |
_b26 pages ; _c26 cm. |
||
| 650 |
_aLegal practice _bLaw |
||
| 942 |
_cBK _6ALISON_BN_VRIES |
||
| 999 |
_c1056 _d1056 |
||